Totally Spies - Statistiques

Statistiques générales
  • Ce quiz a été pris 1 421 fois
  • Le résultat moyen est 13 sur 15
Statistiques - réponses
Question Réponse % Correct
Comment s'appellent les trois filles ? ( et oui y'a pas de gars ( pour notre plus grand regret )) Samantta, Alex, Clover
100%
Comment s'appel leur patron ? Jerry
99%
Comment s'appelle leur pire ennemie ? Mandy
99%
Qu'elles sont les couleur de leur combinaisons ? Vert, Rouge, Jaune
98%
Quelle est leur agence de travail ? ( pas assez payées à mon goût ) woop
98%
La quelle des filles est blonde ? Clover
97%
Quelle est sa passion ( voir question 7 ) ? Shopping
96%
Qu'elle est la couleur de la combinaison d'Alex ? Jaune
94%
Qui des filles est la plus intello ? Sam
92%
De quel couleur sont les cheveux de Jerry ? ( oui il a peut-être une calvitie, mais bon ...) Gris ( en partie )
91%
Quel est la couleur de la combinaison de leur pire ennemie ? Violet
87%
Où se trouve leur lycée ? Beverly Hills
82%
Dans un des épisode, Alex adopte un animal, lequel ? Cochon
64%
En quelle année a été créé les totally spies 2001
44%
Qu'avez vous pensé(e) de ce quiz ? Hilarant... applaudissement
43%
Aucun quiz correspondant
Distribution des résultats
% des personnes avec chaque résultat
Percentile par nombre de réponses
Votre historique - résultats
Vous n’avez pas pris ce quiz